000 00855nam a22002417a 4500
001 80470
003 BD-RjUL
005 20220929165150.0
008 220929s2006 bg ||||| m||| 00| 0 eng d
035 _a(BD-RjUL)80470
040 _aBD-RjUL
_beng
_cBD-RjUL
_dBD-RjUL
041 _aeng
082 _223
_a512.4
_bRAC 2006
100 _aRashid, Md. Mahbubur
_95085
245 1 0 _aCharacterizations of some radical Rings and Gamma Rings /
_cBy Md. Mahbubur Rashid ;
_6Supervisor : Akhil, Chandra Paul
260 _aRajshahi :
_bDepartment of Mathematics, University of Rajshahi,
_c2006
300 _aiv, 98 leaves ;
_c29.cm.
502 _aThesis (Ph. D.) -- Department of Mathematics, University of Rajshahi, 2006
504 _aReferences : Leaves 95 -96
650 _aRings
_94962
700 _aPaul, Akhil, Chandra, Supervisor
_95084
942 _2ddc
_cTHE
999 _c80470
_d80470